01038nam a2200253 i 45000010005000000030009000050050017000140080041000310800013000721000037000852450139001222500012002612600079002733000025003524900032003775040030004096500038004396500035004777100073005128300040005858520022006259990015006479520122006626348ES-MaACL20250809042448.0890925s1988 pe |||| | spa d a35:342.41 aMontiel, Francisco Felix.98264810aTeoría de la administración integral b: el condicionamiento administrativo de los derechos humanos / cFrancisco Félix Montiel. a1ª ed. aLima : bInstituto de Investigación y Capacitación Municipal, c[1988] aXI, 71 p. ; c21 cm.1 aEstudios y análisis ; v2 aBibliografía: p. 63-71.14aAdministración pública.9964617aDerechos humanos2embne9117701 aInstituto de Investigación y Capacitación Municipal (Lima)949630 aEstudios y análisis ; v29227792 aES-MaACLjL-13520 c6348d6348 00104070aATENEOMbATENEOMcDEPO2d2008-01-17eSCl0oL-13520p1006462r2023-02-23 00:00:00w2023-02-23yMONOGRAFIA